000
00285nam a2200109Ia 4500
008
200302s9999 xx 000 0 und d
100
_a
Kevin Forseth
245
_a
Rendering the Visual Field Illusion Becomes Reality
260
_b
Van Nostrand Reinhold
260
_c
1991
300
_a
160 P.,
999
_c
894
_d
894